000 00887nam a22002657a 4500
001 BR7806733
003 BR-BrBNA
005 20230928085751.0
007 ta
008 230509b bl.||||| |||| 00| 0 por d
040 _aBR-BrBNA
_bpor
_cBiblioteca Nacional de Agricultura
041 _a(Por)
072 _aP12
_b/G514
090 _ P12 BR7806733
110 1 _aCompanhia Agropecuaria de Fomento Economico do Parana, Curitiba (Brasil)
_92271
245 1 _aPrograma estadual de aproveitamento racional de varzeas irrigaveis do Estado do Parana - PROVARZEAS. Projeto de drenagem [Brasil]
260 3 _aCuritiba, PR (Brasil):
_c1979.
300 _a5 p.
500 _a(*) Documento disponível no(a) Biblioteca Estadual da Agricultura, Curitiba, PR (Brazil)
650 _aVARZEA
650 _aDRENAGEM
650 _aPARANA
909 _a202309
_bLucia
_c55
_dLucia Elande
942 _cBK
999 _c26215
_d26215